Sabdasagaram (Record no. 45074)
[ view plain ]
| 000 -LEADER | |
|---|---|
| fixed length control field | 00463nam a2200169Ia 4500 |
| 003 - CONTROL NUMBER IDENTIFIER | |
| control field | OSt |
| 005 - DATE AND TIME OF LATEST TRANSACTION | |
| control field | 20220907101537.0 |
| 008 - FIXED-LENGTH DATA ELEMENTS--GENERAL INFORMATION | |
| fixed length control field | 211109s9999||||xx |||||||||||||| ||und|| |
| 040 ## - CATALOGING SOURCE | |
| Transcribing agency | Sbcl |
| 082 ## - DEWEY DECIMAL CLASSIFICATION NUMBER | |
| Classification number | 894.81203 |
| Item number | BAL-V |
| 100 ## - MAIN ENTRY--PERSONAL NAME | |
| Personal name | Balakrishnan, B C |
| 245 #0 - TITLE STATEMENT | |
| Title | Sabdasagaram |
| 260 ## - PUBLICATION, DISTRIBUTION, ETC. | |
| Name of publisher, distributor, etc. | DC Books |
| Place of publication, distribution, etc. | Kottayam |
| Date of publication, distribution, etc. | 1991 |
| 630 ## - SUBJECT ADDED ENTRY--UNIFORM TITLE | |
| General subdivision | POST GRADUATE REFERENCE |
| 650 ## - SUBJECT ADDED ENTRY--TOPICAL TERM | |
| Topical term or geographic name entry element | Malayalam literature |
| 942 ## - ADDED ENTRY ELEMENTS (KOHA) | |
| Koha item type | BOOK |
| 650 ## - SUBJECT ADDED ENTRY--TOPICAL TERM | |
| Form subdivision | Literature & rhetoricGeneralia |
| General subdivision | Malayalam Dictionary |
| Withdrawn status | Lost status | Source of classification or shelving scheme | Damaged status | Not for loan | Home library | Current library | Date acquired | Cost, normal purchase price | Full call number | Barcode | Shelving location | Date last seen | Price effective from | Koha item type |
|---|---|---|---|---|---|---|---|---|---|---|---|---|---|---|
| Dewey Decimal Classification | SB LIBRARY | SB LIBRARY | 09/11/2021 | 125.00 | 894.81203 BAL-S | 00087030 | POST GRADUATE REFERENCE | 09/11/2021 | 09/11/2021 | BOOK |